Statistics for Flags of the Countries that Start with S

Click here to take the quiz!

General Stats

  • This quiz has been taken 1,866 times
    (1,216 since last reset)
  • The average score is 20 of 26

Answer Stats

Answer% Correct
Sweden
100%
South Korea
99%
Switzerland
97%
Spain
96%
Saudi Arabia
95%
South Africa
95%
Slovakia
87%
Slovenia
87%
Serbia
86%
Singapore
83%
Sri Lanka
83%
San Marino
82%
Syria
80%
Seychelles
72%
Senegal
72%
Somalia
70%
St. Lucia
70%
Sudan
68%
Samoa
66%
South Sudan
65%
St. Vincent and the Grenadines
63%
St. Kitts & Nevis
60%
Suriname
58%
Solomon Islands
54%
Sao Tome & Principe
52%
Sierra Leone
51%

Score Distribution

Percentile by Number Answered

Percent of People with Each Score

Your Score History

You have not taken this quiz since the last reset